Gendercide : the implications of sex selection /

Bibliographic Details
Main Author: Warren, Mary Anne
Format: Book
Language:English
Published: Totowa, N.J. : Rowman & Allanheld, 1985.
Series:New feminist perspectives.
Subjects:

MARC

Tag First Indicator Second Indicator Subfields
LEADER 00000pam a2200000 a 4500
001 in00000407021
005 20151012051727.0
008 850703s1985 nju b 00110 eng
010 |a  85014452  
020 |a 0847673308 :  |c $22.95 (est.) 
020 |a 0847673340 (pbk.) :  |c $12.95 (est.) 
035 |a (OCoLC)12312062 
035 |9 ABT7260AM 
039 0 |a 2  |b 3  |c 3  |d 3  |e 3 
040 |a DLC  |c DLC  |d TXA  |d UtOrBLW 
049 |a TXAM  |c [A09346719] 
050 0 0 |a HQ751  |b .W37 1985 
082 0 |a 305.3  |2 19 
100 1 |a Warren, Mary Anne. 
245 1 0 |a Gendercide :  |b the implications of sex selection /  |c Mary Anne Warren. 
264 1 |a Totowa, N.J. :  |b Rowman & Allanheld,  |c 1985. 
300 |a viii, 209 pages ;  |c 22 cm. 
336 |a text  |b txt  |2 rdacontent 
337 |a unmediated  |b n  |2 rdamedia 
338 |a volume  |b nc  |2 rdacarrier 
490 1 |a New feminist perspectives 
504 |a Includes bibliographical references and index. 
650 0 |a Eugenics. 
650 0 |a Sex preselection. 
650 0 |a Sex of children, Parental preferences for. 
650 0 |a Feminism. 
830 0 |a New feminist perspectives. 
999 |a MARS 
999 f f |s 8bea9612-a355-3572-ae60-4661eb211ae0  |i 92d881b0-f10f-385f-8482-75060f404447  |t 0 
952 f f |p ric  |a Texas A&M University  |b Rellis Campus  |c Joint Library Facility  |d Remote Storage  |t 0  |e HQ751 .W37 1985  |h Library of Congress classification  |i unmediated -- volume  |m A14809346719 
998 f f |a HQ751 .W37 1985  |t 0  |l Remote Storage